000 00653nam a2200241Ia 4500
003 OSt
005 20220918222516.0
006 a|||||r|||| 00| 0
007 ta
008 220917b |||||||| |||| 00| 0 eng d
024 _a217,167
037 _cTextual
040 _aARTS
_cARTS
_beng
041 _2eng
_aeng
082 _aV42:1949G.N, P3
100 _aDharamdasani M D Ed.
_9108581
245 0 _aJapan's role in South Asia
260 _aNew Delhi
_bKanishka Publishers
_c2003
300 _axxxvi, 353p
_ccm.
650 _aHISTORY
942 _hV42:1949G.N, P3
_cTEXL
_2CC
999 _c275767
_d275767